000 00277nam a2200121Ia 4500
008 190802s9999 xx 000 0 und d
020 _a978-93-325-8653-6
100 _aR.Glenn Hubbard
245 0 _aMicroeconomics
260 _aUSA
_bPHI
_c2017
300 _a672:p
942 _cBK
999 _c2344
_d2344